| 000 | 00639nam a2200193Ia 4500 | ||
|---|---|---|---|
| 003 | GCL | ||
| 005 | 20240530102137.0 | ||
| 008 | 140319s9999 xx 000 0 ara d | ||
| 040 |
_aGCL / _cGCL |
||
| 082 | 0 | 4 |
_a810.9033 _bم ر |
| 100 | 1 | _aمحمد محمد النحاس | |
| 245 | 1 | 0 |
_aرفاق السلاح : ملحمة الحب والحرب / _cمحمد محمد النحاس |
| 260 |
_a[ القاهرة ] : _bالهيئة المصرية العامة للكتاب ، _c1993 |
||
| 300 | _a269 ص | ||
| 650 | 0 | 4 | _aالادب العربى |
| 650 | 0 | 4 | _aالقصص العربية |
| 650 | 0 | 4 | _aالحرب والادب |
| 942 |
_2ddc _cBK |
||
| 999 |
_c30086 _d30086 |
||